000 01243nam a2200313 a 4500
001 BRCA_2984
005 20190320204045.0
008 231208s1894----sp-#---###---#000-0dcat-u
041 _acat
044 _asp
084 _a307
_b.G57
_c1894
100 1 _aCervantes Saavedra, Miguel de
_d1547-1616
_9213
245 1 0 _aDon Quixot de la Manxa
_cCervantes
260 _aBarcelona
_bFidel Giró
_c1894
300 _a239 p.
_c14 cm.
500 _aContenido : Primera parte. Advertencia del traductor. Breve noticia sobre la vida de Cervantes. Texto. Segunda parte. Texto. Correcciones
500 _aEdición : Nova traduccio abreviada a util del jovent per A. B. T.
500 _aEjemplar del todo igual al anterior. Tela; lomo decorado con filetes dorados Lúdovik Osterc
500 _aQMH233
546 _aTexto en : catalán
650 1 4 _aNovela española
_yÉpoca clásica, 1500-1700
_9215
650 1 4 _aLiteratura española
_yÉpoca clásica, 1500-1700
_9216
650 1 4 _aNovela española
_ySiglo XVII
_9217
650 1 4 _aDon Quijote (Personaje ficticio)
_eNovela
_9218
700 1 _aBulbena i Tusell, Antoni
_d1854-1946
_eTraductor
_98267
740 0 _aEl Ingenioso Hidalgo Don Quijote de la Mancha
902 _aQFM
942 _2lcc
_cB
999 _c2723
_d2723